Η εθνική αντίσταση στον Εβρο : οι αγωνιστές μιλούν και γράφουν

Αποθηκεύτηκε σε:
Λεπτομέρειες βιβλιογραφικής εγγραφής
Κύριος συγγραφέας: Τερζούδης, Λεωνίδας Στ
Άλλοι συγγραφείς: Βλάχος, Φώτης
Μορφή: Βιβλίο
Γλώσσα:Greek
Δημοσίευση: Αθήνα : Δημόκριτος, 1985
Θέματα:
Ετικέτες: Προσθήκη ετικέτας
Δεν υπάρχουν, Καταχωρήστε ετικέτα πρώτοι!

MARC

LEADER 00000cam a2200000 i 4500
001 1/98361
008 950310s1985 gre d
035 |l 10010907 
040 |a GR-MY-UA  |b gre  |e aacr 
041 0 |a gre 
082 0 |a 938.764 
100 1 |a Τερζούδης, Λεωνίδας Στ. 
245 1 2 |a Η εθνική αντίσταση στον Εβρο :  |b οι αγωνιστές μιλούν και γράφουν /  |c Λεωνίδας Τερζούδης (Μίλτος)-Φώτης Βλάχος (Φοίβος) 
260 |a Αθήνα :   |b Δημόκριτος,   |c 1985 
300 |a 308 σ. 
650 0 |a World War, 1939-1945  |x Underground movements  |z Greece  |z Hevros. 
700 1 |a Βλάχος, Φώτης. 
852 |a INST  |b LESVOS  |e 19950310  |h 938.764 ΤΕΡ  |p 005100002470  |q 005100002470  |t BK  |y 0 
909 |a Λ  |b 038147